Score 0/28 Timer 05:00
0 Plays Today
Question Answer Wrong Answers
Pizza Italian
96.7%
French
0.4%
Spanish
0.2%
Greek
0.2%
Lasagna Italian
95.9%
French
1%
Spanish
0.5%
Greek
0.2%
Crème brûlée French
95.7%
Spanish
0.4%
Italian
1.2%
Greek
0.1%
Tzatziki Greek
95.6%
French
0.3%
Spanish
0.7%
Italian
0.8%
Éclairs French
95.3%
Spanish
0.6%
Italian
1.4%
Greek
0.2%
Souvlaki Greek
95.3%
French
0.7%
Spanish
0.8%
Italian
0.7%
Empanada Spanish
94.8%
French
0.5%
Italian
1.1%
Greek
1.1%
Pot-au-feu French
94.6%
Spanish
1.3%
Italian
0.8%
Greek
0.8%
Gelato Italian
93.5%
French
1.9%
Spanish
1.4%
Greek
0.7%
Quiche Lorraine French
93.1%
Spanish
2.6%
Italian
1.3%
Greek
0.5%
Dakos Greek
92.7%
French
0.6%
Spanish
3.4%
Italian
0.7%
Gnocchi Italian
92%
French
1.9%
Spanish
1.1%
Greek
2.6%
Bouillabaisse French
91.4%
Spanish
1.9%
Italian
3%
Greek
1.3%
Gyro Greek
91.2%
French
0.9%
Spanish
2.8%
Italian
2.6%
Risotto Italian
89.7%
French
3.7%
Spanish
3.8%
Greek
0.4%
Pinchitos Spanish
88.6%
French
0.9%
Italian
4.6%
Greek
3.3%
Spanakopita Greek
88.5%
French
0.4%
Spanish
6.9%
Italian
1.6%
Ratatouille French
86.8%
Spanish
1.2%
Italian
9.1%
Greek
0.5%
Gachas Spanish
85%
French
1.1%
Italian
2.1%
Greek
9.2%
Chicharrón Spanish
83.8%
French
10.7%
Italian
1.7%
Greek
1.2%
Steak frites French
83.1%
Spanish
9.5%
Italian
2.1%
Greek
2.8%
Minestrone Italian
82.6%
French
10.8%
Spanish
2.2%
Greek
1.9%
Gazpacho Manchego Spanish
80.3%
French
1.8%
Italian
12.7%
Greek
2.8%
Arròs negre Spanish
78.1%
French
11.3%
Italian
5.8%
Greek
2.4%
Tiramisù Italian
76.3%
French
14.2%
Spanish
1.7%
Greek
5.4%
Escabeche Spanish
68.7%
French
18%
Italian
6.5%
Greek
4.2%
Dolma Greek
66.6%
French
2.2%
Spanish
13.2%
Italian
15.4%
Giouvetsi Greek
49.2%
French
4.1%
Spanish
3.6%
Italian
40.5%
Remove Ads.
Support Sporcle.
Get the best of Sporcle when you Go Orange. This ad-free experience offers more features, more stats, and more fun while also helping to support Sporcle. Thank you for becoming a member.

You're not logged in!

Compare scores with friends on all Sporcle quizzes.
OR
Log In

Show Comments

Extras

Top Quizzes Today


Score Distribution

Your Account Isn't Verified!

In order to create a playlist on Sporcle, you need to verify the email address you used during registration. Go to your Sporcle Settings to finish the process.

Report this User

Report this user for behavior that violates our Community Guidelines.

Details: